| 000 | 01321nam a2200217Ia 4500 | ||
|---|---|---|---|
| 003 | Ost | ||
| 005 | 20260507075546.0 | ||
| 008 | 260507s9999||||xx |||||||||||||| ||und|| | ||
| 020 | _a9774280237 | ||
| 040 | _cfsecg | ||
| 041 | _aara | ||
| 082 | _a658.4013 | ||
| 100 |
_aالصيرفي، محمد عبد الفتاح _eمؤلف |
||
| 245 | 0 |
_aبحوث إدارية محكمة : _bتقييم أداء أعضاء هيئة التدريس / _c محمد عبد الفتاح الصيرفي |
|
| 260 |
_aالإسكندرية: _bدار الوفاء لدنيا للطباعة و النشر, _c2007 |
||
| 300 |
_a230 صفحة؛ _bإيضاحات ؛ _c24 سم |
||
| 520 | _aيضم تقييم أداء أعضاء هيئة التدريس من خلال العلاقة بين الإحساس بالعدالة والفاعلية التنظيمة، دراسة تطبيقية على ديوان محافظة، القيم الأخلاقية المعاصرة وأثرها على أداء القيادات العليا، الأسباب الكامنة وراء تدني حجم العمالة بوحدات القطاع الخاص، دراسة تطبيقية على عينة من العاملين بالقطاعين العام والخاص | ||
| 653 | _aالبحوث الإدارية | ||
| 653 | _aتقييم الأداء | ||
| 942 | _cكتاب | ||
| 999 |
_c44892 _d44892 |
||